| 000 | 00524cam a2200205ua 4500 | ||
|---|---|---|---|
| 020 | _c57.00 | ||
| 041 |
_aeng _h |
||
| 082 |
_a581 _bHIL/BO |
||
| 100 | _aHill, Ben J . | ||
| 245 |
_aBotany: A text book for colleges / _cBen J Hill. _hTextual Documents |
||
| 250 |
_a4 / _b. |
||
| 260 |
_aNew Delhi : _bTata Mc-Graw Hill Publishing Company , _c1985. |
||
| 300 | _a634 ; . | ||
| 365 | _a57.00 | ||
| 504 | _a | ||
| 700 | 1 | _aGrove, Alvin R . | |
| 700 | 1 | _aPopp, Henry W . | |
| 942 | _cBK | ||
| 999 |
_c9818 _d9818 |
||